• 首页
  • 本馆介绍
  • 公告通知
  • 最新文献
  • 馆藏检索
  • 电子资源
  • 读者导购
  • 参考咨询
  • 我的图书馆
  • 登录
  • 详细信息显示
  • 放入我的书架
  • 预约/预借图书
  • 作者相关作品
  • 分类相关作品
  • 丛书相关作品
  • 出版社相关作品

书目信息

  • 表格格式
  • 工作单格式
  • 卡片格式
题名:
从交易到市场
    
 
作者: 彭凯翔 著
分册:  
出版信息: 杭州   浙江大学出版社  2015
页数: 508页
开本: 23cm
丛书名: 启真学术文库
单 册:
中图分类: F121.23
科图分类:
主题词: 民营经济--min ying jing ji--研究--中国
电子资源:
ISBN: 978-7-308-14457-5
000 01198nam0 22002651 450
001 387746
005 20170502165533.0
010    @a978-7-308-14457-5@dCNY68.00
100    @a20150906d2015 em y0chiy50 ea
101 0  @achi
102    @aCN@b330000
105    @ab z 001yy
106    @ar
200 1  @a从交易到市场@9cong jiao yi dao shi chang@e传统中国民间经济脉络试探@f彭凯翔著
210    @a杭州@c浙江大学出版社@d2015
215    @a508页@c地图@d23cm
225 2  @a启真学术文库@9qi zhen xue shu wen ku
330    @a本书探讨了在传统交通通讯条件的制约下,交易是如何组织起来的,信息是如何传递的,又是如何形成价格机制,并以此为基础产生出一种市场经济形态的。在此过程中,本书试图追踪历史聚光灯之外的民间经济之运行,同时,亦在非正式制度与正式制度、民间自组织与编户齐民之礼法专制的纠葛摩荡中,揭示传统市场与习俗相交融的运行方式,从而使传统经济运行的张力与阻力得以呈现。
461  0 @12001 @a启真学术文库
517 1  @a传统中国民间经济脉络试探@9chuan tong zhong guo min jian jing ji mai lao shi tan
606 0  @a民营经济@9min ying jing ji@x研究@y中国
690    @aF121.23@v5
701  0 @a彭凯翔@9peng kai xiang@f(1978~)@4著
801  0 @aCN@b百万庄@c20170308
905    @b1003732-7@dF121.23@e274@f6
    
    从交易到市场:传统中国民间经济脉络试探/彭凯翔著.-杭州:浙江大学出版社,2015
    508页:地图;23cm.-(启真学术文库)
    
    
    ISBN 978-7-308-14457-5:CNY68.00
    本书探讨了在传统交通通讯条件的制约下,交易是如何组织起来的,信息是如何传递的,又是如何形成价格机制,并以此为基础产生出一种市场经济形态的。在此过程中,本书试图追踪历史聚光灯之外的民间经济之运行,同时,亦在非正式制度与正式制度、民间自组织与编户齐民之礼法专制的纠葛摩荡中,揭示传统市场与习俗相交融的运行方式,从而使传统经济运行的张力与阻力得以呈现。
●
相关链接 在E读中查询图书 在五车中查询图书 在当当中查询图书 在豆瓣中查询图书


正题名:从交易到市场     索取号:F121.23/274         预约/预借

序号 登录号 条形码 馆藏地/架位号 状态 备注
1 1003732   210037324   第一样本阅览室/ [索取号:F121.23/274] 在馆    
2 1003733   210037333   教育系资料室/ [索取号:F121.23/274] 在馆    
3 1003734   210037342   教育系资料室/ [索取号:F121.23/274] 在馆    
4 1003735   210037351   教育系资料室/ [索取号:F121.23/274] 在馆    
5 1003736   210037360   第一借阅区/ [索取号:F121.23/274] 在馆    
6 1003737   210037379   第一借阅区/ [索取号:F121.23/274] 在馆    
唐山师范学院图书馆 欢迎您!
大连网信软件有限公司© 版权所有